000 00223nam a2200097Ia 4500
008 230915s9999 xx 000 0 und d
050 _aQA303.G76 1992
100 _aSTANLEY I.GROSSMAN
245 0 _aCALCULUS
942 _cBK
999 _c187202
_d187202